Supernatural Actors - Statistics

General Stats
  • This quiz has been taken 326 times
  • The average score is 12 of 15
Answer Stats
Hint Answer % Correct
Misha Collins Castiel
100%
Jensen Ackles Dean Winchester
100%
Jared Padalecki Sam Winchester
100%
Mark Sheppard Crowley
96%
Jeffrey Dean Morgan John Winchester
94%
Jim Beaver Bobby Singer
93%
Mark Pellegrino Lucifer
91%
Samantha Smith Mary Winchester
90%
Felicia Day Charlie Bradbury
84%
Richard Speight, Jr. Gabriel
83%
Sebastian Roche Balthazar
69%
Samantha Ferris Ellen Harvelle
49%
Alona Tal Jo Harvelle
48%
Chad Lindberg Ash
43%
Alaina Huffman Abaddon
40%
No matching quizzes found
Score Distribution
Percent of People with Each Score
Percentile by Number Answered
Your Score History
You have not taken this quiz